Loading...
Literature - British Literature | 2 | 0 | 0 | 0 | 30 | 23 | 36.00 | 2 | 2 |
History - World History | 0 | 3 | 0 | 2 | 30 | 93 | 115.00 | 2 | 3 |
Philosophy | 0 | 3 | 0 | 0 | 30 | 80 | 108.33 | 1 | 3 |
History - American History | 1 | 1 | 0 | 1 | 25 | 41 | 92.00 | 0 | 2 |
History - European History | 0 | 2 | 0 | 1 | 20 | 90 | 93.00 | 1 | 2 |
Fine Arts - Other Fine Arts | 0 | 2 | 0 | 0 | 20 | 82 | 85.00 | 2 | 2 |
Other Academic | 1 | 0 | 0 | 0 | 15 | 69 | 69.00 | 1 | 1 |
Fine Arts - Auditory Fine Arts | 1 | 0 | 0 | 0 | 15 | 55 | 55.00 | 1 | 1 |
Social Science | 0 | 1 | 0 | 0 | 10 | 111 | 111.00 | 1 | 1 |
Geography | 0 | 1 | 0 | 1 | 10 | 127 | 127.00 | 1 | 1 |
Literature - European Literature | 0 | 1 | 0 | 0 | 10 | 102 | 102.00 | 1 | 1 |
Literature - World Literature | 0 | 1 | 0 | 0 | 10 | 98 | 98.00 | 0 | 1 |
Mythology | 0 | 1 | 0 | 1 | 10 | 142 | 142.00 | 1 | 1 |
Science - Chemistry | 0 | 1 | 0 | 1 | 10 | 130 | 130.00 | 0 | 1 |
Literature - American Literature | 0 | 0 | 0 | 0 | 0 | 0.00 | 0 | 0 | |
Religion | 0 | 0 | 1 | 0 | -5 | 0.00 | 0 | 0 | |
Science - Biology | 0 | 0 | 1 | 0 | -5 | 0.00 | 0 | 0 | |
Fine Arts - Visual Fine Arts | 0 | 0 | 1 | 0 | -5 | 0.00 | 0 | 0 |